Selected problems of capital assets of Czech agriculture

Na základe teoretického vymedzenia kapitálovej vybavenosti podnikov je posudzovaná výška aktív a dlhodobého hmotného majetku, vývoj vlastného a cudzieho kapitálu, vývoj výsledkov hospodárenia v období 1992-2004. Rozbor interných zdrojov financovania - zisk po zdanení, rezervy, odpisy dlhodobého maje...

Ausführliche Beschreibung

Gespeichert in:
Bibliographische Detailangaben
1. Verfasser: Rosochatecká, Eva
Weitere Verfasser: Tomšík, Karel, Žídková, Dana
Format: Buchkapitel
Sprache:Englisch
Schlagworte:
Tags: Tag hinzufügen
Keine Tags, Fügen Sie das erste Tag hinzu!

MARC

LEADER 00000naa$a2200000$$$4500
001 0075035
005 20231129065425.1
041 0 |a eng 
044 |a CZ 
245 1 0 |a Selected problems of capital assets of Czech agriculture  |c Eva Rosochatecká, Karel Tomšík, Dana Žídková 
520 |a Na základe teoretického vymedzenia kapitálovej vybavenosti podnikov je posudzovaná výška aktív a dlhodobého hmotného majetku, vývoj vlastného a cudzieho kapitálu, vývoj výsledkov hospodárenia v období 1992-2004. Rozbor interných zdrojov financovania - zisk po zdanení, rezervy, odpisy dlhodobého majetku - za roky 2000-2005. Sledované položky sú za poľnohospodárske podniky právnických osôb. Ďalej sú hodnotené vybrané faktory, ktoré ovplyvňujú majetkovú a kapitálovú štruktúru podniku. 
610 2 0 |a podnik poľnohospodársky 
610 2 0 |a kapitál 
610 2 0 |a zisk 
610 2 0 |a odpisy 
610 2 0 |a rezervy 
610 2 0 |a výsledok hospodársky 
610 2 0 |a štruktúra podniku finančná 
610 2 0 |a Česko 
100 1 |a Rosochatecká, Eva 
700 1 |a Tomšík, Karel 
700 1 |a Žídková, Dana